Stanovenie bodu ekvivalencie pri titrácii s využitím kamerového videnia

Saved in:
Bibliographic Details
Main Author: Pavlíková, Ema (Author)
Other Authors: Habara, Marek (Thesis advisor)
Format: Manuscript Book
Language:Slovak
Published: 2024
Subjects:
Online Access:http://is.stuba.sk/zp/portal_zp.pl?podrobnosti=185633
Tags: Add Tag
No Tags, Be the first to tag this record!

MARC

LEADER 00000ntm a22000003a 4500
001 stuzp97211
003 SK-STU
005 20250304083439.5
007 ta
008 150427s2015----xo-----f-mn---000-0-slo-d
040 |a STU  |b slo 
041 0 |a slo 
100 1 |a Pavlíková, Ema  |u 020020  |4 aut  |U SjF Strojnícka fakulta  |T SjF Ústav automatizácie, informatizácie a merania  |X 115882  |U J0020  |Y 802  |7 115882 
242 0 1 |a Establishing equivalence point in titration using camera vision  |y eng 
245 1 0 |a Stanovenie bodu ekvivalencie pri titrácii s využitím kamerového videnia 
260 |c 2024 
650 4 |a arduino  |2 slo 
650 4 |a openMV kamera  |2 slo 
650 4 |a titrácia  |2 slo 
650 4 |a automatizácia  |2 slo 
650 4 |a dávkovanie činidla  |2 slo 
650 4 |a 3D tlač  |2 slo 
650 4 |a openMV camera  |2 eng 
650 4 |a automation  |2 eng 
650 4 |a arduino  |2 eng 
650 4 |a titration  |2 eng 
650 4 |a reagent dosing  |2 eng 
650 4 |a 3D printing  |2 eng 
700 1 |a Habara, Marek  |u 020020  |k Z3  |4 ths  |U SjF Strojnícka fakulta  |T SjF Ústav automatizácie, informatizácie a merania  |X 87297  |U J0020  |Y 802  |7 87297 
856 4 |u http://is.stuba.sk/zp/portal_zp.pl?podrobnosti=185633 
996 |b 284J047743  |c J* 3833/DBP  |l JJSK  |s A  |a 24  |w stuzp97211_0001